000 00617nam a2200205Ia 4500
005 20250508163825.0
008 008 250505s9999 xx 000 0 eng d
020 _a81-7391-246-7
037 _aTextual
040 _aFEDL
_beng
_cFEDL
041 _aeng
_2eng
084 _a370.15, DES
_qFEDL
100 _aDeshprabhu Suchitra Ed.
_9608393
245 0 _aEducational psychology and child development
260 _aNew Delhi, India
_bKanishaka Publishers, Distributors
_c1998
300 _avi,307p
650 _aEducation - Psychology
942 _cTEXL
_h370.15, DES
999 _c1385467
_d1385467